| 000 | 00522nam a2200181 a 4500 | ||
|---|---|---|---|
| 005 | 20140310183146.0 | ||
| 008 | 020821s19uu xx 00 eng d | ||
| 020 | _a9717911541 | ||
| 050 |
_aPN 4793.P6 _b.D494 2002 |
||
| 100 | _aDe Villa, Ma. Theresa | ||
| 245 |
_aJournalism for Filipino students / _cMa. Theresa De Villa. |
||
| 260 |
_aQuezon city ; _bSIBS Publishing house, inc., _c2002. |
||
| 300 |
_a140 p. : _bill. ; _c25 cm. |
||
| 521 | _aMC | ||
| 650 | _aJournalism | ||
| 942 |
_cBK _2lcc _kLOC |
||
| 999 |
_c19541 _d19541 |
||